[Event "Berlin Eckbauer op 14th"]
[Site "Berlin"]
[Date "2011.11.28"]
[Round "7.7"]
[White "Boettcher, Patrick"]
[Black "Fleischmann, Klaus"]
[Result "1-0"]
[WhiteElo "2170"]
[BlackElo "1799"]
[PlyCount "85"]
[EventDate "2011.10.17"]
[EventType "swiss"]
[EventRounds "7"]
[EventCountry "GER"]
[SourceTitle "EXT 2022"]
[Source "ChessBase"]
[SourceDate "2021.10.06"]
[SourceVersion "1"]
[SourceVersionDate "2021.10.06"]
[SourceQuality "1"]

1. e4 e6 2. d4 d5 3. Nc3 Nf6 4. Bg5 Bb4 5. e5 h6 6. Bd2 Nfd7 7. Qg4 Bf8 8. f4 h5 9. Qg3 c5 10. Nf3 Nc6 11. Be3 c4 12. f5 h4 13. Qf4 exf5 14. Nxd5 Qa5+ 15. Nc3 Nb6 16. Bd2 Nb4 17. Rc1 g6 18. Ng5 Be7 19. Be2 Be6 20. Bf3 0-0-0 21. a3 N4d5 22. Nxd5 Nxd5 23. Bxa5 Nxf4 24. Bxd8 Rxd8 25. Nxe6 Nxe6 26. c3 Nf4 27. Rc2 g5 28. Be2 b5 29. g3 Nd5 30. Bf3 Nb6 31. gxh4 g4 32. Bc6 Bxh4+ 33. Ke2 Rh8 34. Rcc1 Bg5 35. Rcf1 f4 36. Be4 f3+ 37. Kd1 Kc7 38. h3 Na4 39. Kc2 Be3 40. hxg4 Rxh1 41. Rxh1 f2 42. Bg2 Kd7 43. Rh3 1-0

[Event "Berlin Eckbauer op 13th"]
[Site "Berlin"]
[Date "2010.10.25"]
[Round "6.20"]
[White "Beckmann, Sonja"]
[Black "Fleischmann, Klaus"]
[Result "1/2-1/2"]
[WhiteElo "1416"]
[BlackElo "1835"]
[PlyCount "36"]
[EventDate "2010.09.13"]
[EventType "swiss"]
[EventRounds "7"]
[EventCountry "GER"]
[SourceTitle "EXT 2022"]
[Source "ChessBase"]
[SourceDate "2021.10.06"]
[SourceVersion "1"]
[SourceVersionDate "2021.10.06"]
[SourceQuality "1"]

1. e4 e6 2. d4 d5 3. exd5 exd5 4. Nf3 Bd6 5. Bd3 Ne7 6. 0-0 Bg4 7. Be3 Nbc6 8. c3 Qd7 9. Nbd2 Nd8 10. Qc2 Ne6 11. Rfe1 f5 12. Bg5 0-0 13. Bxe7 Qxe7 14. Ne5 Bxe5 15. Rxe5 Qd7 16. h3 Bh5 17. Rxf5 Nf4 18. Rxf8+ Rxf8 1/2-1/2

[Event "Berlin Eckbauer op 12th"]
[Site "Berlin"]
[Date "2009.09.21"]
[Round "2.13"]
[White "Fleischmann, Klaus"]
[Black "Lemnitz, Donald"]
[Result "1-0"]
[WhiteElo "1870"]
[BlackElo "1262"]
[PlyCount "65"]
[EventDate "2009.09.14"]
[EventType "swiss"]
[EventRounds "7"]
[EventCountry "GER"]
[SourceTitle "EXT 2022"]
[Source "ChessBase"]
[SourceDate "2021.10.06"]
[SourceVersion "1"]
[SourceVersionDate "2021.10.06"]
[SourceQuality "1"]

1. Nf3 Nf6 2. g3 d5 3. b3 e6 4. Bb2 Be7 5. Bg2 b6 6. d3 Bb7 7. Nbd2 Nbd7 8. e4 dxe4 9. Ng5 Rb8 10. dxe4 0-0 11. 0-0 h6 12. Nh3 Nc5 13. Qe2 Ncd7 14. Nf4 c5 15. Rfd1 Qc7 16. Nd3 Rfd8 17. c4 Bc6 18. f4 b5 19. Ne5 bxc4 20. Nxc6 Qxc6 21. Bxf6 gxf6 22. Qg4+ Kh8 23. Qh4 Bf8 24. e5 Qc7 25. exf6 cxb3 26. axb3 c4 27. bxc4 Qc5+ 28. Kh1 Ra8 29. Ne4 Qf5 30. Nd6 Bxd6 31. Qxh6+ Qh7 32. Qxh7+ Kxh7 33. Bxa8 1-0

[Event "Berlin Eckbauer op 11th"]
[Site "Berlin"]
[Date "2008.09.22"]
[Round "3.8"]
[White "Fleischmann, Klaus"]
[Black "Schwarz, Ronald"]
[Result "1/2-1/2"]
[WhiteElo "1826"]
[BlackElo "1990"]
[PlyCount "88"]
[EventDate "2008.09.08"]
[EventType "swiss"]
[EventRounds "6"]
[EventCountry "GER"]
[SourceTitle "EXT 2022"]
[Source "ChessBase"]
[SourceDate "2021.10.06"]
[SourceVersion "1"]
[SourceVersionDate "2021.10.06"]
[SourceQuality "1"]

1. Nf3 d5 2. c4 c6 3. b3 Nf6 4. g3 g6 5. Bb2 Bg7 6. Bg2 0-0 7. 0-0 Nbd7 8. d3 Re8 9. Nbd2 b6 10. cxd5 cxd5 11. e4 Nc5 12. Ne5 Bb7 13. exd5 Bxd5 14. Qe2 Bxg2 15. Kxg2 Qd5+ 16. Qf3 Qxf3+ 17. Ndxf3 Rac8 18. Rfe1 Red8 19. Rad1 e6 20. Ng5 Rc7 21. d4 Na6 22. Rc1 Rb7 23. Rc4 h6 24. Ngf3 b5 25. Rc3 Nb4 26. Nc6 Nxc6 27. Rxc6 Nd5 28. Rec1 Rbb8 29. a3 Bf8 30. R1c2 Be7 31. Bc1 Kg7 32. Ra6 Rb7 33. Bd2 Nc7 34. Rac6 Nd5 35. Ra6 Nc7 36. Rac6 Nd5 37. Ra6 Bd6 38. Ne5 Nc7 39. Rac6 Nd5 40. Ra6 Ne7 41. Bxh6+ Kg8 42. Bg5 Kg7 43. Bh6+ Kg8 44. Bg5 Kg7 1/2-1/2

[Event "Berlin Eckbauer op 11th"]
[Site "Berlin"]
[Date "2008.09.08"]
[Round "1.18"]
[White "Hall, Oliver"]
[Black "Fleischmann, Klaus"]
[Result "1/2-1/2"]
[WhiteElo "1509"]
[BlackElo "1826"]
[PlyCount "56"]
[EventDate "2008.09.08"]
[EventType "swiss"]
[EventRounds "6"]
[EventCountry "GER"]
[SourceTitle "EXT 2022"]
[Source "ChessBase"]
[SourceDate "2021.10.06"]
[SourceVersion "1"]
[SourceVersionDate "2021.10.06"]
[SourceQuality "1"]

1. e4 e6 2. d4 d5 3. Nc3 Nf6 4. Bg5 Bb4 5. e5 h6 6. exf6 hxg5 7. fxg7 Rg8 8. Qh5 Qf6 9. Qh7 Qxg7 10. Qxg7 Rxg7 11. Nf3 f6 12. a3 Bxc3+ 13. bxc3 e5 14. c4 e4 15. Nd2 c6 16. cxd5 cxd5 17. Bb5+ Bd7 18. Bxd7+ Rxd7 19. h4 g4 20. Nf1 Nc6 21. c3 f5 22. Ne3 Ne7 23. Kd2 Kf7 24. g3 Rc8 25. Rab1 Ke6 26. Rhc1 Nc6 27. Rb5 Rf8 28. Ng2 Ne7 1/2-1/2

[Event "Berlin Eckbauer op 10th"]
[Site "Berlin"]
[Date "2007.10.30"]
[Round "6"]
[White "Mayer, Herbert"]
[Black "Fleischmann, Klaus"]
[Result "1/2-1/2"]
[WhiteElo "1939"]
[BlackElo "1820"]
[PlyCount "34"]
[EventDate "2007.08.18"]
[EventType "swiss"]
[EventRounds "7"]
[EventCountry "GER"]
[SourceTitle "EXT 2022"]
[Source "ChessBase"]
[SourceDate "2021.10.06"]
[SourceVersion "1"]
[SourceVersionDate "2021.10.06"]
[SourceQuality "1"]

1. f4 Nf6 2. b3 g6 3. e3 d6 4. Bb2 Bg7 5. Nf3 Nbd7 6. Be2 e5 7. fxe5 Ng4 8. 0-0 0-0 9. Nc3 Ndxe5 10. Nxe5 Nxe5 11. Rb1 d5 12. Kh1 Bf5 13. d3 Qd7 14. Bf3 c6 15. Ne2 Ng4 16. Bxg7 Kxg7 17. Bxg4 Bxg4 1/2-1/2

[Event "Berlin Eckbauer op 09th"]
[Site "Berlin"]
[Date "2006.11.20"]
[Round "7"]
[White "Knopf, Roland"]
[Black "Fleischmann, Klaus"]
[Result "1-0"]
[WhiteElo "1856"]
[BlackElo "1800"]
[PlyCount "97"]
[EventDate "2006.10.09"]
[EventType "swiss"]
[EventRounds "7"]
[EventCountry "GER"]
[SourceTitle "EXT 2022"]
[Source "ChessBase"]
[SourceDate "2021.10.06"]
[SourceVersion "1"]
[SourceVersionDate "2021.10.06"]
[SourceQuality "1"]

1. d4 e6 2. c4 Bb4+ 3. Bd2 Qe7 4. Nc3 f5 5. a3 Bxc3 6. Bxc3 Nf6 7. g3 Ne4 8. Rc1 d6 9. Bg2 Nxc3 10. Rxc3 Bd7 11. Nf3 Nc6 12. d5 Nd8 13. dxe6 Bc6 14. 0-0 0-0 15. b4 Qf6 16. Qb3 Nxe6 17. Rfc1 Kh8 18. c5 dxc5 19. bxc5 f4 20. Bh3 fxg3 21. Qxe6 gxh2+ 22. Kh1 Qf4 23. Qg4 Qd2 24. R3c2 Qh6 25. Kxh2 Rae8 26. Rf1 g6 27. Ng5 Rf5 28. Qd4+ Kg8 29. f4 Rd5 30. Qc4 Re3 31. Rf3 Rxf3 32. Nxf3 Kf8 33. Ng5 Qh4 34. e3 Qe1 35. Re2 Qd1 36. Bg2 h6 37. Ne6+ Ke7 38. Nxc7 Rh5+ 39. Kg3 Bxg2 40. Rxg2 Qe1+ 41. Rf2 Qg1+ 42. Kf3 Qd1+ 43. Ke4 Qh1+ 44. Kd3 Qd1+ 45. Rd2 Qf1+ 46. Kc3 Qc1+ 47. Kd3 Qxa3+ 48. Ke4 Qxc5 49. Qe6+ 1-0

[Event "Berlin Eckbauer op 09th"]
[Site "Berlin"]
[Date "2006.11.13"]
[Round "6"]
[White "Fleischmann, Klaus"]
[Black "Schalck, Christiano"]
[Result "1-0"]
[WhiteElo "1800"]
[BlackElo "1665"]
[PlyCount "51"]
[EventDate "2006.10.09"]
[EventType "swiss"]
[EventRounds "7"]
[EventCountry "GER"]
[SourceTitle "EXT 2022"]
[Source "ChessBase"]
[SourceDate "2021.10.06"]
[SourceVersion "1"]
[SourceVersionDate "2021.10.06"]
[SourceQuality "1"]

1. Nf3 c5 2. g3 Nc6 3. Bg2 g6 4. c4 Bg7 5. Nc3 e6 6. e4 a6 7. d3 Nge7 8. Be3 d6 9. Qd2 0-0 10. h4 h5 11. g4 hxg4 12. Nh2 Ne5 13. f4 gxf3 14. Nxf3 Ng4 15. h5 Nxe3 16. Qxe3 Qa5 17. Rc1 f5 18. hxg6 Nxg6 19. Qg5 Rf6 20. Kf2 Ne5 21. Nxe5 dxe5 22. Bf3 f4 23. Rcg1 Rf7 24. Bh5 Re7 25. Be8 Qd8 26. Bf7+ 1-0

[Event "Berlin Eckbauer op 09th"]
[Site "Berlin"]
[Date "2006.10.23"]
[Round "3"]
[White "Albrecht, Rainer"]
[Black "Fleischmann, Klaus"]
[Result "1/2-1/2"]
[WhiteElo "2102"]
[BlackElo "1800"]
[PlyCount "72"]
[EventDate "2006.10.09"]
[EventType "swiss"]
[EventRounds "7"]
[EventCountry "GER"]
[SourceTitle "EXT 2022"]
[Source "ChessBase"]
[SourceDate "2021.10.06"]
[SourceVersion "1"]
[SourceVersionDate "2021.10.06"]
[SourceQuality "1"]

1. d4 e6 2. c4 Bb4+ 3. Bd2 Qe7 4. Nc3 f5 5. e3 Nf6 6. Bd3 0-0 7. Nge2 Nc6 8. a3 Bxc3 9. Bxc3 Ne4 10. 0-0 Nxc3 11. Nxc3 d6 12. f4 g5 13. d5 Nd8 14. fxg5 e5 15. Qh5 e4 16. Bc2 Nf7 17. g6 Ne5 18. Qxh7+ Qxh7 19. gxh7+ Kxh7 20. b3 Bd7 21. h3 a5 22. a4 Rg8 23. Ne2 Rg5 24. Rf2 Rag8 25. Kf1 R8g7 26. Nf4 Rg3 27. Nh5 Rxe3 28. Nxg7 Kxg7 29. Re2 Rc3 30. Ke1 Be8 31. Kd2 Rg3 32. Rg1 Bh5 33. Ree1 Bf3 34. Ke3 Bh5+ 35. Kd2 Bf3 36. Ke3 Bh5+ 1/2-1/2

[Event "Berlin SF Neukoelln op 3rd"]
[Site "Berlin"]
[Date "2004.03.12"]
[Round "6"]
[White "Jurkatis, Hagen"]
[Black "Fleischmann, Klaus"]
[Result "1-0"]
[WhiteElo "1978"]
[BlackElo "1825"]
[PlyCount "51"]
[EventDate "2004.02.07"]
[EventType "swiss"]
[EventRounds "7"]
[EventCountry "GER"]
[SourceTitle "EXT 2022"]
[Source "ChessBase"]
[SourceDate "2021.10.06"]
[SourceVersion "1"]
[SourceVersionDate "2021.10.06"]
[SourceQuality "1"]

1. d4 e6 2. Nf3 b6 3. e4 Bb7 4. Bd3 Nf6 5. Nbd2 Be7 6. 0-0 d6 7. b3 c5 8. Bb2 Nbd7 9. e5 dxe5 10. dxe5 Nd5 11. Re1 Qc7 12. g3 Bc6 13. a3 Qb7 14. Qe2 a6 15. c4 Nc7 16. Be4 h6 17. Rad1 0-0-0 18. Bxc6 Qxc6 19. Ne4 Ne8 20. Rd3 f5 21. Nd6+ Bxd6 22. exd6 e5 23. Bxe5 Rf8 24. h4 Nxe5 25. Nxe5 Qe4 26. d7+ 1-0

[Event "Berlin SF Neukoelln op 3rd"]
[Site "Berlin"]
[Date "2004.03.05"]
[Round "5"]
[White "Fleischmann, Klaus"]
[Black "Koenig, Frank"]
[Result "1-0"]
[WhiteElo "1825"]
[BlackElo "1900"]
[PlyCount "107"]
[EventDate "2004.02.07"]
[EventType "swiss"]
[EventRounds "7"]
[EventCountry "GER"]
[SourceTitle "EXT 2022"]
[Source "ChessBase"]
[SourceDate "2021.10.06"]
[SourceVersion "1"]
[SourceVersionDate "2021.10.06"]
[SourceQuality "1"]

1. c3 Nf6 2. d3 g6 3. e4 d6 4. Be2 c5 5. Nd2 Nc6 6. f4 Bg7 7. Ngf3 0-0 8. 0-0 b5 9. Re1 Qb6 10. Nf1 Ng4 11. h3 Nh6 12. g4 f5 13. exf5 gxf5 14. g5 Nf7 15. Ne3 e6 16. Kh2 d5 17. Rg1 Qc7 18. Nf1 d4 19. Qe1 Ne7 20. cxd4 cxd4 21. Ng3 e5 22. Nh5 Ng6 23. Bd1 Bb7 24. Nxg7 Kxg7 25. h4 Rae8 26. Qf2 Qd6 27. h5 Nxf4 28. Bxf4 exf4 29. Qxd4+ Qxd4 30. Nxd4 Ne5 31. Rc1 Re7 32. Rc5 f3 33. Rxb5 Ng4+ 34. Kg3 f2 35. Rf1 Re3+ 36. Kf4 Bg2 37. Rxf2 Nxf2 38. Kxe3 Nxd1+ 39. Kd2 f4 40. Ne6+ Kg8 41. Nxf8 f3 42. Kxd1 f2 43. Rf5 f1Q+ 44. Rxf1 Bxf1 45. Nd7 Bxd3 46. Kd2 Be4 47. a3 Kf7 48. Nc5 Bf5 49. Ke3 Bg4 50. h6 Bf5 51. Kf4 Bg6 52. b4 Ke7 53. Ke5 Be8 54. a4 1-0

[Event "Berlin op 10"]
[Site "Berlin"]
[Date "2000.11.13"]
[Round "5"]
[White "Fleischmann, Klaus"]
[Black "Johannsen, Ingbert"]
[Result "1-0"]
[WhiteElo "1913"]
[BlackElo "2015"]
[PlyCount "75"]
[EventDate "2000.10.16"]
[EventType "swiss"]
[EventRounds "7"]
[EventCountry "GER"]
[SourceTitle "EXT 2007"]
[Source "ChessBase"]
[SourceDate "2006.11.23"]
[SourceVersion "1"]
[SourceVersionDate "2006.11.23"]
[SourceQuality "1"]

1. Nf3 Nf6 2. g3 e6 3. b3 Be7 4. Bb2 d5 5. Bg2 Nbd7 6. c4 c6 7. 0-0 0-0 8. d3 b6 9. e4 Bb7 10. e5 Ne8 11. cxd5 cxd5 12. Qe2 g6 13. Nbd2 Ng7 14. Nd4 Nc5 15. Rfd1 Qd7 16. Rab1 Rac8 17. Nf1 Ba6 18. Ne3 h5 19. Bf1 Rc7 20. Qd2 Rfc8 21. f4 Bb7 22. a3 Kh7 23. h3 g5 24. Ng2 Qd8 25. Bc1 Nd7 26. b4 Nf5 27. Nxf5 exf5 28. d4 Rc3 29. Bd3 Kg6 30. fxg5 Bxg5 31. Nh4+ Kg7 32. Nxf5+ Kf8 33. Qxg5 Qxg5 34. Bxg5 Ra8 35. Bb5 Nb8 36. Rbc1 Rxa3 37. Rc7 Ba6 38. Rdc1 1-0

[Event "Berlin op 10"]
[Site "Berlin"]
[Date "2000.10.30"]
[Round "3"]
[White "Fleischmann, Klaus"]
[Black "Wuesthoff, Ralf"]
[Result "1-0"]
[WhiteElo "1913"]
[BlackElo "1637"]
[PlyCount "99"]
[EventDate "2000.10.16"]
[EventType "swiss"]
[EventRounds "7"]
[EventCountry "GER"]
[SourceTitle "EXT 2007"]
[Source "ChessBase"]
[SourceDate "2006.11.23"]
[SourceVersion "1"]
[SourceVersionDate "2006.11.23"]
[SourceQuality "1"]

1. Nf3 d5 2. c4 c6 3. b3 Bf5 4. Bb2 e6 5. g3 Nd7 6. Bg2 Ngf6 7. 0-0 Be7 8. d3 h6 9. Nh4 Bh7 10. Qd2 Qb6 11. Nc3 0-0 12. Na4 Qc7 13. f4 Ne8 14. Nf3 Bf6 15. d4 Nd6 16. Ne5 Rad8 17. Rac1 dxc4 18. bxc4 Be4 19. c5 Bxg2 20. cxd6 Qxd6 21. Kxg2 Nxe5 22. fxe5 Bxe5 23. e3 Qd5+ 24. Kg1 Bf6 25. Nc3 Qd7 26. Ba3 Rfe8 27. Qf2 e5 28. Ne4 Bg5 29. Nxg5 hxg5 30. Bb2 exd4 31. Bxd4 Qe6 32. Qf5 Qxf5 33. Rxf5 f6 34. a4 Re6 35. a5 a6 36. Rb1 Re7 37. Kg2 Rdd7 38. Kf3 Kh7 39. h4 Kg6 40. g4 Rd5 41. Rxd5 cxd5 42. h5+ Kf7 43. Rb6 Kg8 44. h6 Kh7 45. hxg7 Rxg7 46. Rxf6 Kg8 47. Rf5 Rf7 48. e4 dxe4+ 49. Kxe4 Rxf5 50. Kxf5 1-0